000 00301nam a22001337a 4500
008 171107b xxu||||| |||| 00| 0 eng d
020 _a0135019338
041 _aeng
080 _a330.322
100 _a63
101 _aINV
245 _aINTRODUCTORY INVESTMENT THEORY
_cHAUGEN,R.A
942 _2udc
_cBK
999 _c38134
_d38134